Atlas of head and neck pathology

Guardat en:
Dades bibliogràfiques
Autor principal: WENIG, Bruce M
Format: Llibre
Idioma:anglès
Publicat: Elsevie 2016.
Etiquetes: Afegir etiqueta
Sense etiquetes, Sigues el primer a etiquetar aquest registre!

MARC

LEADER 00000nam a22000007a 4500
008 201217b ||||| |||| 00| 0 eng d
020 |a 978-1-4557-3382-8 
100 |a WENIG, Bruce M 
245 |a Atlas of head and neck pathology  |c / Bruce M. Wenig  |g 2016. viii, 159p.; ill. 
250 |b 3rd ed. 
260 |b Elsevie  |c 2016.   |h Philadelphia  |i 685063  |l RC936 .W48   |m Head – Pathology – Atlases  |m Neck – Pathology – Atlases. 
500 |a It includes index 
942 |a lcc  |c BK  |e ADEYEYE Y. S.  |f 17/12/2020 
952 |0 0  |1 0  |2 lcc  |4 0  |6 RC0936 W48  |7 0  |9 618  |a HOL  |b RF  |c QZ  |d 2020-12-17  |l 0  |o RC936 .W48   |p 2020-22936  |r 2020-12-17 00:00:00  |w 2020-12-17  |y BK 
999 |c 347  |d 347